| 000 | 00841nam a22002297a 4500 | ||
|---|---|---|---|
| 005 | 20170124105958.0 | ||
| 010 | _aA-835007 | ||
| 020 | _c00.00 | ||
| 035 | _aA-835007 | ||
| 037 | _bCen Lib/Ret | ||
| 040 |
_aDPL _bEN |
||
| 082 |
_a361.3954 _bGAN |
||
| 100 |
_aGangrade, K.D. _983395 |
||
| 245 |
_aDimensions of social work in India / _cby K.D. Gangrade |
||
| 260 |
_aNew Delhi _bMarwah _c1976 |
||
| 270 |
_aH-39, Green Park _bNew Delhi _e110016 |
||
| 300 |
_a188p. _c21cm(Hb) |
||
| 500 | _aIncludes index. | ||
| 650 |
_aSocial service -- India. _910015 |
||
| 650 |
_aSocial service -- Vocational guidance. _910016 |
||
| 942 |
_2ddc _cEN _h361.3954 _mGAN |
||
| 999 |
_c125640 _d125640 |
||